| 000 | 01937nam a2200409 c 4500 | ||
|---|---|---|---|
| 003 | BLK | ||
| 005 | 20250128005511.0 | ||
| 008 | 180412b bul|||||r ||||||| ||bul|| | ||
| 010 | _aKNG00015856000 | ||
| 020 |
_a954-528-067-0 _bиздат.: Труд |
||
| 040 | _aBLK | ||
| 041 |
_aBUL _cBUL |
||
| 080 |
_aПолитическо преследване. Терористични действия. Тероризъм - Атентати, политически убийства. Вж и 343.1 ; 343.3/.7 _b323.28 _x(497.2) _z323.28(497.2) |
||
| 080 |
_a _b343.22/.23 _x(497.2) _z343.22/.23(497.2) |
||
| 100 | 1 |
_aЗаркова, Анна Леонидова _9258994 |
|
| 700 | 1 |
_aКицевски, Никола _eсъавт. _9258995 |
|
| 139 |
_aЗаркова, Анна и др. _bЗ 35 |
||
| 245 | 1 | 0 |
_aГолемите убийства в България _bОт Крушата до Луканов _cАнна Заркова; съавт. Никола Кицевски. |
| 257 | _aBGR | ||
| 260 |
_аСофия _bТруд _c1996 |
||
| 300 |
_a206 с. _c20 см |
||
| 380 | _a3 | ||
| 500 | _aАвт. отбелязани на с. 3 ; Със съдействието на В. Авджиева, Ж. Попова, К. Фалин, М. Кехайова, С. Русев, Т. Токин, Щ. Василева ; 7 000 тир. | ||
| 650 | 4 |
_aУбийства - България _9256117 |
|
| 650 | 4 |
_aПрестъпници - България _9256118 |
|
| 650 | 4 |
_aПрестъпления - България _9256119 |
|
| 650 | 4 |
_aПолитически убийства - България _9258996 |
|
| 650 | 0 |
_aБългария - вътрешна политика _9241559 |
|
| 653 | _aубийства | ||
| 653 | _aБългария | ||
| 852 | _aЦб 191161 | ||
| 856 | 4 |
_qpdf _u |
|
| 856 | 4 |
_qpdf _u |
|
| 942 |
_cKNG _n0 _01 |
||
| 944 |
_aCR _c15.01.2003 _k _lCRON CRON |
||
| 944 |
_aED _c26.04.2005 _k |
||
| 999 |
_c14159 _d14159 |
||